|
|
|
|
| LEADER |
00000nam a2200000 i 4500 |
| 001 |
1/82710 |
| 008 |
970311s1986 gre d |
| 020 |
|
|
|a 9963-7651-0-6
|
| 035 |
|
|
|a 1992
|b 3
|c Δωρεά
|l 10034018
|
| 040 |
|
|
|a GR-MY-UA
|b gre
|e aacr
|
| 041 |
0 |
|
|a gre
|
| 082 |
0 |
|
|a 889.407
|
| 100 |
1 |
|
|a Ιωάννου, Γιάννης Η.,
|d 1954-
|
| 245 |
1 |
0 |
|a Δέκα μελέτες και δοκίμια /
|c Γιάννης Η. Ιωάννου
|
| 260 |
|
|
|a Λευκωσία :
|b [χ.ό.],
|c 1986
|
| 300 |
|
|
|a 106 σ.
|
| 650 |
0 |
0 |
|a Greek essays, Modern.
|
| 650 |
0 |
0 |
|a Greek literature
|x History and criticism.
|
| 852 |
|
|
|a INST
|b RHODES
|e 19970311
|h 889.407 ΙΩΑ
|p 005400000348
|q 005400000348
|t BK
|y 0
|
| 909 |
|
|
|a Ρ
|b 022262
|c 1992
|
| 970 |
|
|
|z 2000/06/ΟΙΚΟΝΟΜΟΠΟΥΛΟΥ (SUBJECT)
|